000 00398nam a22001697a 4500
005 20160625160804.0
008 160625b xxu||||| |||| 00| 0 eng d
020 _a978-81-7522545-9
041 _aeng
082 _b10245
100 _aRabindranath Tagore (Bangla)
_92815
245 _aSonartari
260 _bVishwabharti Shantiniketan
300 _a177
650 _aBangla
_92816
942 _cBK
999 _c4078
_d4077